| 000 | 01204cam a2200325 i 4500 | ||
|---|---|---|---|
| 001 | 000018330 | ||
| 003 | DO-SdBNP | ||
| 005 | 20240618100118.0 | ||
| 008 | 240618s2014 sp b 100 0 spa | ||
| 040 |
_aDO-SdBNP _bspa _cBNPHU _erda |
||
| 082 |
_a972.93 _bV335m _222 |
||
| 100 |
_aVásquez, José. _eautor _951928 |
||
| 111 | 2 |
_aCongreso Internacional Partidos Políticos, Democracia y Derechos Políticos _d2022 : _cRepública Dominicana, Costa Rica y México _939705 |
|
| 245 | 1 | 0 |
_aMiranda : _buna loma de mentiras / _cJosé Vásquez, Julio Rosario, Juan Almánzar. |
| 264 |
_aLa Vega, República Dominicana : _bImpresora Universal, _c2014. |
||
| 300 |
_a178 paginas. ; _c22 cm. |
||
| 336 |
_2rdacontent _atexto _btxt |
||
| 337 |
_2rdamedia _asin mediación _bn |
||
| 338 |
_2rdacarrier _avolumen _bnc |
||
| 504 | _aBibliografía : p. 173-178. | ||
| 590 | _aInventariado,2024/DG | ||
| 650 | 4 |
_aImpacto Ambiental. _939706 |
|
| 651 | 4 |
_aRepública Dominicana _zCondiciones Sociales. _985696 |
|
| 651 | 4 |
_aLoma Miranda _xCondiciones Sociales. _985697 |
|
| 700 | 1 |
_aRosario, Julio. _eautor _985698 |
|
| 700 | 1 |
_aAlmánzar, Juan. _eautor _976306 |
|
| 710 | _939707 | ||
| 910 | _aDG | ||
| 942 |
_2ddc _cLBS1 |
||
| 999 |
_c56876 _d56876 |
||